SPIRITUAL SENSE (Record no. 196771)
[ view plain ]
| 000 -LEADER | |
|---|---|
| fixed length control field | 00566nam a22001817a 4500 |
| 005 - DATE AND TIME OF LATEST TRANSACTION | |
| control field | 20230727111853.0 |
| 010 ## - LCCN (DPL NO) | |
| LC control number | ENG-137601 |
| 020 ## - INTERNATIONAL STANDARD BOOK NUMBER | |
| International Standard Book Number | 9788192156101 |
| Terms of availability | 200.00 |
| 035 ## - SYSTEM CONTROL NUMBER | |
| System control number | EN-121133 |
| 037 ## - SOURCE OF ACQUISITION | |
| Source of stock number/acquisition | DBAD/PUB |
| 082 ## - DEWEY DECIMAL CLASSIFICATION NUMBER | |
| Classification number | 291.21 |
| 100 ## - MAIN ENTRY--PERSONAL NAME | |
| Personal name | BISHNOI,AJIT KUMAR |
| 245 ## - TITLE STATEMENT | |
| Title | SPIRITUAL SENSE |
| Statement of responsibility, etc | by AJIT KUMAR BISHNOI |
| Medium | ENG |
| Remainder of title | THE CONCEPTS |
| 260 ## - PUBLICATION, DISTRIBUTION, ETC. (IMPRINT) | |
| Place of publication, distribution, etc | Vasant Vihar, New Delhi |
| Name of publisher, distributor, etc | Sri Narayana Publications |
| Date of publication, distribution, etc | 2011 |
| 270 ## - ADDRESS | |
| Address | 14-E, Basant Lok, Vasant Vihar |
| City | New Delhi |
| Postal code | 110057 |
| 300 ## - PHYSICAL DESCRIPTION | |
| Extent | 212p. |
| Dimensions | 21cm(pbk) |
| 942 ## - ADDED ENTRY ELEMENTS (KOHA) | |
| Source of classification or shelving scheme | Dewey Decimal Classification |
| Item type | English Books |
| Classification part | 291.21 |
| Call number prefix | BIS |
No items available.
